| 000 | 00968nac a22002291u 4500 | ||
|---|---|---|---|
| 010 | _a 94016420 | ||
| 020 | _a3540198687 (Berlin : acid-free paper) | ||
| 020 | _a0387198687 (New York : acid-free paper) | ||
| 082 | 0 | 0 |
_a621 _bB4238 |
| 090 |
_c3939 _d3939 |
||
| 100 | _aDubbel, Heinrich, | ||
| 245 | 1 | 0 |
_aHandbook of mechanical engineering / _cDubbel ; edited by W. Beitz and K.-H. KuÌ(ttner ; English edition edited by B.J. Davies ; translation by M.J. Shields. |
| 260 |
_aLondon ; _aNew York : _bSpringer-Verlag,1994 _c1994. |
||
| 300 |
_a1 v. (various pagings) : _bill. ; _c25 cm. |
||
| 504 | _aIncludes bibliographical references and index. | ||
| 650 | 0 |
_aMechanical engineering _xHandbooks, manuals, etc. |
|
| 700 | 1 | _aBeitz, Wolfgang. | |
| 700 | 1 | _aKuÌ(ttner, Karl-Heinz. | |
| 700 | 1 | _aDavies, B. J. | |
| 942 |
_cBB _k621B4238 |
||
| 999 |
_c3939 _d3939 |
||